000 00474cab a2200181 4500
001 WB2644-25
008 090401t1990 xxu||||| |||| 00| 0 eng d
035 _a(Sirsi) u15153
041 _aeng
245 _aAmended land registry forms
260 _c1990
350 _a0
490 _aOyez Forms Information Service
_vno 23/1990 October 1990 3 pages
520 _aLists the latest prescribed land registry forms .
690 _aLAND
942 _n0
948 _c04/03/1997
999 _c9905
_d9905